MLB 2022 Stat Leaders by Team - Statistics

General Stats
  • This quiz has been taken 197 times
    48 since last reset
  • The average score is 72 of 328
Answer Stats
Player % Correct
Ronald Acuña Jr.
70%
Aaron Judge
61%
Freddie Freeman/Mookie Betts
61%
Starling Marte
61%
Freddie Freeman/Trea Turner
58%
Christian Walker
55%
Christian Yelich
55%
Erasmo Ramírez
55%
Harold Ramírez
55%
José Altuve
55%
José Ramírez
55%
Noé Ramirez
55%
Paul Goldschmidt
55%
Rafael Devers
55%
Xander Bogaerts/Rafael Devers
55%
Austin Riley
52%
Dansby Swanson
52%
Devin Williams/Trevor Gott/Josh Hader
52%
Erik Swanson
52%
Justin Verlander
52%
Matt Olson
52%
Mike Trout
52%
Freddie Freeman
48%
Gerrit Cole
48%
Mookie Betts
48%
Spencer Strider
48%
Zac Gallen
48%
Bryce Harper
45%
Cionel Pérez
45%
Josh Bell
45%
Kenley Jansen/Dylan Lee/A.J. Minter
45%
Martín Pérez
45%
Pete Alonso
45%
Salvador Pérez
45%
Shohei Ohtani
45%
Shohei Ohtani/Patrick Sandoval
45%
Taylor Hearn/Dennis Santana
45%
Trea Turner
45%
Yordan Álvarez
45%
Adolis García/Marcus Semien
42%
Akil Baddoo/Javier Báez/Willi Castro
42%
Corbin Burnes
42%
Devin Williams
42%
Jacob deGrom
42%
Julio Rodríguez
42%
Kyle Schwarber
42%
Marcus Semien
42%
Trevor Williams
42%
Adley Rutschman
39%
Alex Bregman
39%
Cedric Mullins
39%
Kenley Jansen
39%
Max Fried
39%
Alexis Díaz
36%
Carlos Hernández
36%
César Hernández
36%
Edwin Díaz
36%
Emmanuel Clase
36%
Francisco Lindor
36%
Gregory Soto
36%
Jason Adam/Pete Fairbanks
36%
Javier Báez
36%
Juan Soto
36%
Kyle Tucker
36%
Luis Arráez
36%
Manny Machado
36%
Matt Chapman
36%
Michael Harris II
36%
Tim Anderson
36%
Xander Bogaerts
36%
Yandy Díaz
36%
Aaron Nola
33%
Alex Wood
33%
Bryan Reynolds
33%
Byron Buxton
33%
Byron Buxton/Nick Gordon
33%
Framber Valdez
33%
Jeff McNeil
33%
Jorge Mateo
33%
José Abreu
33%
Kendall Graveman/Liam Hendriks/Reynaldo López
33%
Max Scherzer
33%
Nathaniel Lowe
33%
Vladimir Guerrero Jr.
33%
Adolis García
30%
Anthony Santander
30%
Bobby Witt Jr.
30%
Brandon Woodruff
30%
Carlos Correa
30%
Corey Seager
30%
Diego Castillo
30%
Dylan Cease
30%
Félix Bautista
30%
Jarlin García
30%
J.D. Martinez
30%
Joey Votto
30%
Jorge López
30%
Julio Urías
30%
Logan Gilbert
30%
Luis Castillo
30%
Luis García
30%
Matt Barnes/John Schreiber/Tanner Houck/Matt Strahm
30%
Nelson Cruz
30%
Pablo López
30%
Reynaldo López
30%
Sandy Alcántara
30%
Shane Bieber
30%
Willson Contreras
30%
Willy Adames
30%
Yu Darvish
30%
A.J. Minter
27%
Amed Rosario
27%
Aníbal Sánchez
27%
Blake Snell
27%
Charlie Morton
27%
Gary Sánchez
27%
Hunter Greene/Graham Ashcraft/Tyler Mahle
27%
John Schreiber/Matt Barnes/Tanner Houck
27%
Jon Gray
27%
Josh Hader
27%
Josiah Gray
27%
Kevin Gausman
27%
Raisel Iglesias
27%
Ryan Mountcastle
27%
Ryan Pressly
27%
Sonny Gray
27%
Trevor Story
27%
Andrés Giménez
24%
Bo Bichette
24%
Craig Kimbrel
24%
Eugenio Suárez
24%
George Springer
24%
Ha-Seong Kim
24%
Jeremy Peña
24%
Jhoan Duran
24%
Joe Musgrove
24%
Kyle Wright
24%
Logan Webb
24%
Lourdes Gurriel Jr.
24%
Marco Gonzales
24%
Merrill Kelly
24%
Miles Mikolas
24%
Nabil Crismatt/Robert Suárez/Adrian Morejón
24%
Randy Arozarena/Isaac Paredes
24%
Ranger Suárez
24%
Robert Suárez
24%
Rowdy Tellez
24%
Seth Brown/Tony Kemp/Ramón Laureano
24%
Ty France
24%
Zack Wheeler
24%
Alec Bohm
21%
Andrew Vaughn
21%
Brad Keller
21%
Brandon Nimmo
21%
C.J. Cron
21%
Germán Márquez
21%
Germán Márquez/Kyle Freeland
21%
Harold Castro
21%
Hunter Greene
21%
Jake Diekman/Tanner Houck
21%
Ke'Bryan Hayes
21%
Lane Thomas
21%
Liam Hendriks
21%
Mike Yastrzemski
21%
Mitch Keller
21%
Mitch Keller/JT Brubaker
21%
Patrick Sandoval
21%
Randy Arozarena
21%
Steven Kwan
21%
Yoán Moncada
21%
Andrew Benintendi
18%
Anthony Bass
18%
Chris Taylor
18%
Dany Jiménez
18%
Eloy Jiménez
18%
Ian Happ
18%
Joc Pederson
18%
Joe Jiménez
18%
Jordan Hicks/Giovanny Gallegos
18%
Jorge Polanco
18%
Madison Bumgarner
18%
Nico Hoerner
18%
Paul Sewald
18%
Robbie Ray
18%
Sean Murphy
18%
Shane McClanahan
18%
Spencer Torkelson
18%
Tommy Edman
18%
Trey Mancini
18%
Alek Manoah
15%
Carlos Rodón
15%
Chris Bassitt
15%
Clay Holmes
15%
Corey Kluber
15%
Daulton Varsho
15%
David Bednar
15%
Jake McCarthy/Josh Rojas
15%
Joe Ryan/Dylan Bundy/Chris Archer
15%
John Schreiber
15%
Justin Steele
15%
Kyle Freeland
15%
Marcus Stroman
15%
Max Muncy
15%
Miguel Rojas
15%
Nick Pivetta
15%
Patrick Corbin
15%
Patrick Wisdom
15%
Seranthony Domínguez
15%
Seranthony Domínguez/Corey Knebel
15%
Seth Brown
15%
Steven Okert/Tanner Scott
15%
Tanner Scott
15%
Anthony Gonsolin
12%
Brady Singer
12%
Camilo Doval
12%
Camilo Doval/John Brebbia
12%
Jesús Aguilar
12%
Jordan Romano
12%
Mark Melancon
12%
Ryan Helsley
12%
Tarik Skubal
12%
Tyler Wells
12%
Alex Lange
9%
Andrés Muñoz
9%
Corey Knebel
9%
Daniel Bard
9%
Garrett Cooper
9%
Jake McCarthy
9%
Jameson Taillon
9%
Joe Ryan
9%
Johnny Cueto
9%
Jordan Lyles
9%
José Quintana
9%
JT Brubaker
9%
J.T. Realmuto
9%
Jurickson Profar
9%
Keegan Thompson
9%
Kyle Finnegan/Carl Edwards Jr.
9%
Kyle Finnegan/Steve Cishek
9%
Michael King
9%
Michael Wacha
9%
Ryan McMahon
9%
Ryne Stanek
9%
Taylor Rogers
9%
Trent Grisham
9%
Trevor Rogers
9%
Triston McKenzie
9%
Víctor Robles
9%
Wilmer Flores
9%
Adam Ottavino
6%
Aristides Aquino
6%
Brandon Drury
6%
Cal Quantrill
6%
Chris Archer
6%
Cristian Javier
6%
David Robertson
6%
Eric Haase
6%
Eric Lauer
6%
Eric Lauer/Aaron Ashby
6%
Glenn Otto
6%
Hector Neris
6%
Hunter Harvey
6%
Hunter Renfroe
6%
Jeffrey Springs
6%
Jesse Winker
6%
Joe Barlow
6%
Jon Berti
6%
Matt Moore
6%
MJ Melendez
6%
Myles Straw
6%
Nestor Cortés Jr.
6%
Reiver Sanmartin/Luis Cessa
6%
Scott Barlow
6%
Thairo Estrada
6%
Wil Crowe/Chase De Jong
6%
Adrian Sampson
3%
A.J. Puk/Domingo Acevedo
3%
Alex Young
3%
Bailey Ober
3%
Clarke Schmidt
3%
Dakota Hudson
3%
Domingo Acevedo
3%
Donovan Solano
3%
Evan Phillips
3%
Frankie Montas
3%
Isiah Kiner-Falefa
3%
Kevin Newman
3%
Kyle Farmer
3%
Matt Manning
3%
Mychal Givens
3%
Nick Senzel
3%
Steven Okert
3%
Tyler Alexander
3%
Yusei Kikuchi
3%
Zach Plesac
3%
Aaron Bummer
0%
Adam Cimber
0%
Alex Colomé
0%
Andrew Velazquez
0%
Austin Voth
0%
Brock Burke
0%
Cole Irvin
0%
Colin Poche/J.P. Feyereisen
0%
Drew Hutchison
0%
Drew Smyly
0%
Emilio Pagán
0%
Garrett Hampson
0%
Griffin Jax
0%
James Kaprielian
0%
Jimmy Herget
0%
José Cisnero
0%
José Miranda
0%
J.P. Feyereisen
0%
Kris Bubic
0%
Kyle Nelson
0%
Lou Trivino
0%
Mark Leiter Jr./Rowan Wick
0%
Matt Bush
0%
Ryan Tepera
0%
Ryan Yarbrough
0%
Sam Moll
0%
Tanner Rainey
0%
Trevor Stephan
0%
Trevor Stephan/Bryan Shaw
0%
Tyler Kinley
0%
Wil Crowe
0%
Yency Almonte
0%
Yonathan Daza
0%
No matching quizzes found
Score Distribution
Percent of People with Each Score
Percentile by Number Answered
Your Score History
You have not taken this quiz since the last reset